000 002990000a22001090004500
100 1 _aBrueggemann, Walter
245 1 0 _aPsalm 73 as a canonical marker
300 _aNúm 72 (1996), Páginas 45-56
700 1 _aMiller, Patrick D.
773 0 _tJournal for the Study of the Old Testament
942 _cANA
999 _c54879
_d54879